000 00331nam a2200133Ia 4500
008 240624s9999 xx 000 0 und d
041 _aeng
082 _a519.5 CUM
100 _aCUMMING GEOFF
245 _aUNDERSTANDING THE NEW STATISTICS EFFECT
260 _c2011
_aNew York
_bRoutledge
300 _a535 : p.
365 _cGBP
_b28
999 _c22149
_d22149